Nautical Miles (Record no. 318863)

MARC details
000 -LEADER
fixed length control field 00420nam a2200145Ia 4500
008 - FIXED-LENGTH DATA ELEMENTS--GENERAL INFORMATION
fixed length control field 230718s9999 xx 000 0 und d
041 ## - LANGUAGE CODE
Language code of text/sound track or separate title eng
082 ## - DEWEY DECIMAL CLASSIFICATION NUMBER
Classification number 623.8
Item number IMS
100 ## - MAIN ENTRY--PERSONAL NAME
Personal name Ims Learning Resources
9 (RLIN) 129484
245 ## - TITLE STATEMENT
Title Nautical Miles
Remainder of title A Fun Way To Build Vocabulary For Various Tests
260 ## - PUBLICATION, DISTRIBUTION, ETC. (IMPRINT)
Name of publisher, distributor, etc. Ims
365 ## - TRADE PRICE
Currency code Rs.
Price amount 250.00
700 ## - ADDED ENTRY--PERSONAL NAME
Personal name Ims Learning Resources
9 (RLIN) 129484
906 ## - LOCAL DATA ELEMENT F, LDF (RLIN)
d B:26724-Apr-2008
c IT
b 50
Holdings
Withdrawn status Lost status Damaged status Not for loan Home library Current library Date acquired Vendor Budget Code Cost, normal purchase price Bill number Total Checkouts Full call number Barcode Date last seen Discount Cost, replacement price Bill Date Koha item type Original Barcode
        Cummins College of Engineering for Women Pune Cummins College of Engineering for Women Pune 26/06/2008 Om Book Stall IT 200.00 267   623.8 CCEP-BK-30070 18/07/2023 50 250.00 24/04/2008 Books 030070